Teammates : (Record no. 337250)
[ view plain ]
| 000 -LEADER | |
|---|---|
| fixed length control field | 00523nam a2200193Ia 4500 |
| 008 - FIXED-LENGTH DATA ELEMENTS--GENERAL INFORMATION | |
| fixed length control field | 170705s9999 xx 000 0 und d |
| 020 ## - INTERNATIONAL STANDARD BOOK NUMBER | |
| International Standard Book Number | 9780152842864 |
| 245 ## - TITLE STATEMENT | |
| Title | Teammates : |
| 245 ## - TITLE STATEMENT | |
| Remainder of title | how two men changed the face of baseball / |
| 245 ## - TITLE STATEMENT | |
| Statement of responsibility, etc | written by Peter Golenbock ; illustrated by Paul Bacon. |
| 250 ## - EDITION STATEMENT | |
| Edition statement | First edition. |
| 260 ## - PUBLICATION, DISTRIBUTION, ETC. (IMPRINT) | |
| Place of publication, distribution, etc | Boston : |
| 260 ## - PUBLICATION, DISTRIBUTION, ETC. (IMPRINT) | |
| Name of publisher, distributor, etc | Houghton Mifflin Company, |
| 260 ## - PUBLICATION, DISTRIBUTION, ETC. (IMPRINT) | |
| Date of publication, distribution, etc | 1990 |
| 300 ## - PHYSICAL DESCRIPTION | |
| Extent | unpaged : |
| 300 ## - PHYSICAL DESCRIPTION | |
| Other physical details | color illustration ; |
| 300 ## - PHYSICAL DESCRIPTION | |
| Dimensions | 21cm. |
| 500 ## - GENERAL NOTE | |
| General note | 930 |
No items available.